00801cam a22002293a 45000010005000000030006000050050017000110080041000280400015000690420007000840500007000911000038000982450108001362600029002445060030002735160020003036530051003236530065003746530063004398300028005028560041005303391PGUSA20140828083031.0041022s2004||||xxu|||||s|||||000 | eng d aPGUSAbeng adc 4aPS1 aHowells, William Dean,d1837-192012aA Belated Guest (from Literary Friends and Acquaintance)h[electronic resource] /cWilliam Dean Howells bProject Gutenberg,c2004 aPublic domain in the USA. aElectronic text aAuthors, American -- 19th century -- Biography aAmerican literature -- 19th century -- History and criticism aHowells, William Dean, 1837-1920 -- Friends and associates 0aProject Gutenbergv339140uhttp://www.gutenberg.org/ebooks/3391